Právne, daňové a účtovné aspekty ochrannej známky
Obsahové vymedzenie ochrannej známky podľa zákona č. 55/1997 Z.z. o ochranných známkach v znení zákona č. 577/2001 Z.z. Funkcie ochrannej známky. Ochranná známka a zákon o daniach z príjmov. Praktické príklady.
Gespeichert in:
| 1. Verfasser: | |
|---|---|
| Format: | Buchkapitel |
| Sprache: | Slowakisch |
| Schlagworte: | |
| Tags: |
Keine Tags, Fügen Sie das erste Tag hinzu!
|
MARC
| LEADER | 00000naa a2200000 4500 | ||
|---|---|---|---|
| 001 | r046729 | ||
| 005 | 20231002123611.3 | ||
| 041 | 0 | |a slo | |
| 044 | |a SK | ||
| 245 | 1 | 0 | |a Právne, daňové a účtovné aspekty ochrannej známky |c Ján Mintál |
| 520 | |a Obsahové vymedzenie ochrannej známky podľa zákona č. 55/1997 Z.z. o ochranných známkach v znení zákona č. 577/2001 Z.z. Funkcie ochrannej známky. Ochranná známka a zákon o daniach z príjmov. Praktické príklady. | ||
| 610 | 2 | 0 | |a známky ochranné |
| 610 | 2 | 0 | |a účtovníctvo |
| 610 | 2 | 0 | |a dane |
| 610 | 2 | 0 | |a úpravy právne |
| 610 | 2 | 0 | |a dane z príjmov |
| 610 | 2 | 0 | |a vlastníctvo priemyselné |
| 100 | 1 | |a Mintál, Ján | |